| 000 | 02360nam0a2200361 4500 | ||
|---|---|---|---|
| 001 | RU\NLR\bibl\1374551 | ||
| 005 | 20260407104054.0 | ||
| 021 |
_aRU _b2009-24267 _91437 |
||
| 035 | _a(nilc)RSL-KNO-004270964 | ||
| 035 | _a(NLR Aleph) 001366664 | ||
| 090 |
_a1015318 _c1015318 |
||
| 100 | _a20090331d2008 |||y0rusy50 ca | ||
| 101 | 0 | _arus | |
| 102 | _aRU | ||
| 105 | _ay zzzz||||| | ||
| 200 | 1 |
_aСборник законодательных, нормативных правовых актов, методических указаний и иных материалов по вопросам обязательного государственного страхования и обязательного социального страхования от несчастных случаев на производстве и профессиональных заболеваний _fФонд социального страхования Российской Федерации, Гос. учреждение - региональное отд-ние по Респ. Башкортостан _g[авт.-сост. М. М. Латыпов, Ф. М. Гайнуллина, Л. В. Черепанова] |
|
| 210 |
_aУфа _cБелая река _d2008 |
||
| 215 |
_a367 с. _cтабл. _d22 |
||
| 606 | 1 |
_aНесчастные случаи на производстве _jЗаконодательные материалы _xСоциальное страхование _yРоссийская Федерация _92231476 _3RU\NLR\auth\661339344 |
|
| 606 | 1 |
_aСоциальное страхование _jЗаконодательные материалы _yРоссийская Федерация _92073978 _3RU\NLR\auth\661248938 |
|
| 686 |
_aХ627.6-321.2 _2rubbk |
||
| 686 | _aХ627.4-39(2Р)21 | ||
| 686 | _aУ27(2)1я8 | ||
| 702 | 1 |
_aЛатыпов _bМ. М. _f1958- _gМарат Мукминович _4220 |
|
| 712 | 0 | 2 |
_4570 _aФонд социального страхования Российской Федерации _bРегиональное отделение по Республике Башкортостан _9620261 _3RU\NLR\AUTH\8810059496 |
| 801 | 0 |
_aRU _bРГБ _c20090331 _gRCR |
|
| 801 | 1 |
_aRU _bРГБ _c20090331 |
|
| 801 | 2 |
_aRU _bNLR _c20090529 _grcr |
|
| 830 | _aавт. по эк | ||
| 942 | _cBOOK | ||
| 980 | _aNB | ||
| 980 | _aNBR | ||